000 00476nam a2200193Ia 4500
005 20241003114400.0
008 131103s9999 xx 000 0 und d
020 _cRs.3
040 _aLoreto College
041 _aEnglish
082 _a900/N
_bDES
100 _aDesai, Ziyaud-Din
245 _aIndo-Islamic architecture
_cZiyaud-Din Desai
260 _aIndia
_bGovernment of India
_c1970
300 _a61p.
_b pic.
650 _aHistory
850 _aLCBED
942 _cBK
999 _c28992
_d79471